000 00870nam a2200265 a 4500
001 25051
003 CO-ViMGA
005 20230915232040.0
008 141112s2004 ck r 000 u spa d
020 _a8426135501
040 _aCO-ViMGA
_bspa
_cCO-ViMGA
041 _aspa eng
043 _ae - uk - en
082 0 4 _aCOOd
100 1 _aCooper, Helen.
245 1 0 _aDeliciosa! /
_cHelen Cooper ; traducción castellana Raquel Solá.
260 _aBarcelona :
_bEditorial Juventud,
_c2006.
300 _a[28] p. : il. ; 27 cm.
521 _aRecomendado para niños a partir de 5 años.
650 1 4 _aCuentos infantiles ingleses.
_915884
700 1 _aSolá, Raquel, tr.
_938147
942 _2ddc
_cBK
999 _c32695
_d32695